[Event "CZE-ch Betsys Online Blitz"]
[Site "Chess.com INT"]
[Date "2021.04.17"]
[Round "8"]
[White "Krajcovic, Filip"]
[Black "Steinova, Kamila"]
[Result "0-1"]
[WhiteElo "1630"]
[BlackElo "1311"]
[PlyCount "88"]
[EventDate "2021.04.17"]
[EventType "swiss (blitz)"]
[EventRounds "13"]
[EventCountry "CZE"]
[SourceTitle "CBM 201 Extra"]
[Source "ChessBase"]
[SourceDate "2021.05.31"]
[SourceVersion "1"]
[SourceVersionDate "2021.05.31"]
[SourceQuality "1"]

1. e4 e5 2. Bc4 Nf6 3. d4 d6 4. dxe5 dxe5 5. Bxf7+ Ke7 6. Qxd8+ Kxd8 7. Bg5 Be7 8. Nc3 Nc6 9. 0-0-0+ Bd7 10. Bxf6 Bxf6 11. Be6 Nd4 12. Bxd7 Kxd7 13. Nb5 Ke6 14. Nxc7+ Ke7 15. Nxa8 Rxa8 16. c3 Nc6 17. Nf3 Rc8 18. Rd3 Nb4 19. Rd2 g5 20. Rhd1 g4 21. Rd7+ Ke8 22. Kb1 gxf3 23. cxb4 fxg2 24. Rxh7 Rc4 25. Rg1 Rxb4 26. Rxg2 Kf8 27. Rh6 Be7 28. Re6 Rxe4 29. f3 Re3 30. Rd2 Kf7 31. Rh6 Rxf3 32. Rh7+ Ke6 33. h4 Rh3 34. h5 Bg5 35. Rxb7 Bxd2 36. Rxa7 Rxh5 37. Ra6+ Kf5 38. Rc6 Rh1+ 39. Kc2 Bf4 40. Kd3 e4+ 41. Ke2 Rh2+ 42. Ke1 Rxb2 43. Rc5+ Kg4 44. Ra5 e3 0-1

[Event "CZE-chT U18 Extraliga Ost 1819"]
[Site "Czech Republic"]
[Date "2019.01.19"]
[Round "7.6"]
[White "Steinova, Kamila"]
[Black "Brokl, Daniel"]
[Result "1-0"]
[WhiteElo "1367"]
[BlackElo "1611"]
[PlyCount "63"]
[EventDate "2018.10.05"]
[EventType "team-tourn"]
[EventRounds "11"]
[EventCountry "CZE"]
[SourceTitle "EXT 2023"]
[Source "ChessBase"]
[SourceDate "2022.10.05"]
[SourceVersion "1"]
[SourceVersionDate "2022.10.05"]
[SourceQuality "1"]
[WhiteTeam "Vlasim (U18)"]
[BlackTeam "Policka Stefanydes (U18)"]
[WhiteTeamCountry "CZE"]
[BlackTeamCountry "CZE"]

1. e4 c5 2. d4 cxd4 3. Qxd4 Nc6 4. Qd1 g6 5. Nc3 Bg7 6. Nf3 d6 7. Be2 a6 8. 0-0 b5 9. a3 Bb7 10. Be3 Nf6 11. Rb1 0-0 12. Qd2 Rc8 13. Bh6 b4 14. axb4 Nxb4 15. Bxg7 Kxg7 16. Bd3 Qc7 17. Qg5 Qb8 18. Nd4 Rc5 19. Qg3 Rfc8 20. f4 Qa7 21. Kh1 Nxd3 22. cxd3 Kf8 23. e5 Nh5 24. Qg5 Rd5 25. Nxd5 Bxd5 26. Nf3 Qd7 27. Qh6+ Kg8 28. Ng5 e6 29. Qxh7+ Kf8 30. exd6 Nf6 31. Qh8+ Ng8 32. Nh7+ 1-0